000 00703nam a22002177a 4500
003 OSt
005 20260313012149.0
008 260313b |||||||| |||| 00| 0 eng d
020 _a13:978-0-7637-3914-0.
040 _aDWCL Main lib
_cOC
082 _23rd edition
_aCirc. 620.00151 Z69 2006
100 _aZill, Dennis G.
245 _aAdvanced engineering mathematics
_cDennis G. Zill
250 _a3rd edition
260 _aSudburry, Massachusetts :
_bJone & Bartlett Publishers,
_cc2006.
300 _axxxiii, various paging :
_bill. ;
_c27 cm.
504 _aIncludes index.
650 _aEngineering mathematics.
700 _aCullen, Michael R.
942 _2ddc
_cBK-CIRC
_e3rd edition
_kCirc.
_n0
999 _c9086
_d9086